MS-DOS 6.2 a Norton Commander 4.0 Snadno a rychle

Uložené v:
Podrobná bibliografia
Hlavný autor: Kořínek, Martin
Médium: Kniha
Jazyk:Czech
Vydavateľské údaje: Praha Grada 1994
Vydanie:1. vyd.
Tagy: Pridať tag
Žiadne tagy, Buďte prvý, kto otaguje tento záznam!

MARC

LEADER 00000nam a2200000 4500
001 c005691
005 20240201130938.8
020 |a 80-7169-078-3 
041 0 |a cze 
044 |a CZ 
245 1 0 |a MS-DOS 6.2 a Norton Commander 4.0  |b Snadno a rychle  |c Martin Kořínek 
250 |a 1. vyd. 
264 1 |a Praha  |b Grada  |c 1994 
300 |a 150 s. 
100 1 |a Kořínek, Martin